A Kika Lakberendezési Kft. marketing tevékenységének elemzése

Bibliographic Details
Main Author: Kaczorné Zelenyánszky Anna
Other Authors: Papp Judit
Format: Thesis
Kulcsszavak:Kereskedelem
Lakberendezés
Nemzetközi
Célpiac
Online Access:http://dolgozattar.uni-bge.hu/1769

MARC

LEADER 00000nta a2200000 i 4500
001 dolg1769
005 20150422094821.0
008 150324suuuu hu om 000 hun d
040 |a BGE Dolgozattár Repozitórium  |b hun 
041 |a hu 
100 1 |a Kaczorné Zelenyánszky Anna 
245 1 2 |a A Kika Lakberendezési Kft. marketing tevékenységének elemzése  |c Kaczorné Zelenyánszky Anna  |h [elektronikus dokumentum] 
246 1 1 |a A Kika Lakberendezési Kft. marketing tevékenységének elemzése 
695 |a Kereskedelem  
695 |a Lakberendezés 
695 |a Nemzetközi 
695 |a Célpiac 
700 1 |a Papp Judit  |e ths 
856 4 0 |u http://dolgozattar.uni-bge.hu/1769/7/Kaczorn%C3%A9%20Anna_Szakdolgozat.pdf  |z Dokumentum-elérés